Principios del procedimiento administrativo

Saved in:
書目詳細資料
主要作者: Brewer-Carias, Allan Randolph (autor)
格式: 圖書
語言:西班牙语
出版: Madrid Civitas 1990
叢編:Monografías CIVITAS
主題:
標簽: 添加標簽
沒有標簽, 成為第一個標記此記錄!

MARC

LEADER 00000nam a2200000 a 4500
001 UCV1928
003 CL-VaPUC
008 910621e19900000SP |||||||||||||||||spa|d
082 0 4 |a 342.066  |b BRE  |2 21 
100 |a Brewer-Carias, Allan Randolph  |e autor  |9 296121 
245 1 0 |a Principios del procedimiento administrativo 
300 |a 199 p 
942 |c BK 
945 |d 19910621 00:00:00 
260 |a Madrid  |b Civitas  |c 1990 
650 0 |a Procedimiento administrativo  |9 256132 
583 |a last modification  |c 19910621 00:00:00  |k Rodrigo Vera 
490 0 |a Monografías CIVITAS 
999 |c 209670  |d 209668 
952 |0 0  |1 0  |4 0  |6 342_066000000000000_BRE_1990  |7 0  |8 A  |9 185254  |a BIBDER  |b BIBDER  |d 2019-11-14  |i 2527278  |o 342.066 BRE 1990  |p 2527278  |r 2023-01-25  |w 2019-11-14  |y BK  |k DER